000 01010nam a2200313 a 4500
001 000110948
003 CHAP
005 20220329144152.0
008 141028s2010 mx a |r| |||||||spa d
010 _a107410
011 _a108382
020 _a9786077630562 (v.6)
040 _cCHAP
082 0 4 _a860
_bY49
100 0 0 _aYáñez, Agustín.
_9123139
245 1 0 _aObras /
_cpor Agustín Yáñez.
260 _aMéxico, D. F. :
_bEl Colegio Nacional,
_c2010-.
300 _av. :
_bil.
490 1 _aObras de Agustín Yáñez
500 _aLa biblioteca tiene: v.6 Evocaciones y recuerdos: por tierras de Nueva Galicia. -- Genio y fuguras de Guadalajara. -- Alfonso Gutiérrez Hermosillo y algunos amigos
590 _aE6096MTM
_b05
_c20141028
_lUCH01
_h1453
590 _aE6096MTM
_b05
_c20141028
_lUCH01
_h1459
650 1 4 _aLiteratura mexicana.
_967138
650 1 4 _aLiteratura
_xReseñas.
_967118
830 0 _aObras de Agustín Yáñez
_9128712
901 _aBK
942 _cLIBRO
942 _n0
999 _c107410
_d107410